00948nam a22002417a 4500003000900000005001700009008003500026020001800061040003000079082002800109100004600137245010400183250001100287264003800298300004500336336002700381337003600408338002900444490002700473500010100500650006900601700003600670DO-SdBPM20251124084458.0161212b1999 sp |||| 00| 0 spa d a9788434862944 aDO-SdBPMbspacBPMSUerda 4a372.66 bG643c 19992221 aGonzález Torices, Joséeautor 4aut. 1 aCuatro estaciones :bteatro para niños /cJosé González Torices ; ilustraciones Carmen Lucini a2a ed. aMadrid :bEdiciones S. M.,c1999. a268 páginas :bilustraciones, c28 cm. atextobtxt2rdacontent asin mediación bn 2rdamedia  avolumenbnc2rdacarrier 0 aPara padres y maestros a3er Premio nacional al libro mejor editado en el año 1998 en la modalidad infantil y juvenil.  7aTeatro escolar e infantil españolx Argumentos, tramas, etc.. 1 aLucini, Carmen,eilustración